Ewers, Gustav von
| Titel: | Ewers, Gustav von / Manfred Zeidler |
|---|---|
| Verfasser: | |
| In: |
Ostdeutsche Gedenktage, (2005), Seite 221-226 alle Artikel anzeigen |
| Veröffentlicht: | 2006 |
| Umfang: | Illustrationen |
| Format: | Aufsatz |
| Sprache: | Deutsch |
X
alg: 43341168 001A $03025:06-07-18 001B $03025:09-07-18 $t12:19:33.000 001C $03025:06-07-18 $t11:39:31.000 001D $03025:06-07-18 001U $0utf8 001X $00 002@ $0Aou 002C $aText $btxt $2rdacontent 002D $aohne Hilfsmittel zu benutzen $bn $2rdamedia 002E $aBand $bnc $2rdacarrier 003@ $0433411686 007A $0433411686 $aHEB 010@ $ager 010E $erda 011@ $a2006 021A $aEwers, Gustav von $hManfred Zeidler 028A $BVerfasser $4aut $7120487918 $8Zeidler, Manfred$Z1952- [Tp3] $9152080023 031A $h221-226 $j2005 034M $aIllustrationen 039B $aEnthalten in $8--Abvc--. Ostdeutsche Gedenktage. - Bonn : Kulturstiftung der Vertriebenen, 1965-[2018] $x200500000000000779 $9047761881 044K $#Ewers, Gustav $#Ewers, Gustav von $#Ewers, Johann Filipp Gustav $#Ewers, Johann Phil. Gust. $#Ewers, Joh. Phil. Gust. $#Ewers, Gust. $#Evers, Johann Philipp Gustav $#Ewers, Johann P. $#Ewers, Johann F. $#Ewers, Philipp G. $#Ewers, Johann Gustav von $#Ewers, Johann Philipp Gustav von $711661305X $8Ewers, Johann Philipp Gustav$Z1781-1830 [Tp1] $9101848900 044K $RJurʹev $#Tartu $#Dorpat $#Dorpat Tartu $#Derpt $#Tartu, Töörahva Saadikute Nõukogu $#TSN $#Tartu, Sovet Trudjašcichsja Deputatov $#Tartu Linna TSN Täitevkomitee $#Töörahva Saadikute Nõukogu Tartu $#Sovet Trudjašcichsja Deputatov Tartu $71029285-8 $8Tartu [Tg1] $9042051304 044K $RWissenschaftler $RGeschichtsschreiber $RGeschichtswissenschaft $RHistorikerin $#Historians $#Historiens $#Historiker $#Geschichtsforscher $#Geschichtswissenschaftler $#Lokalhistoriker $#Landeshistoriograph $#Kulturhistoriker $74025098-2 $8Historiker [Ts1] $9085062332 045F $a900.9479809034 $eDDC23BSB 045F/01 $a900 045F/03 $f09033 045F/03 $f09034 045F/03 $g4798 045R $aGeschichte 1779-1830 045T $a8,1 lok: 43341168 78 exp: 43341168 78 1 #EPN 201B/01 $006-07-18 $t11:37:10.000 201C/01 $006-07-18 201U/01 $0utf8 203@/01 $01024243265 208@/01 $a06-07-18 $be 209A/01 $a/ $f000 $x00 209A/01 $ab*p $x01 220C/01 $awma 244Z/01 $#Estland $#Estland $#Estnische SSR $#Eesti $#Estonskaja SSR $#EV $#Estonia 1918 - 1940, 1991 - $#Republik Estland $#Eesti Vabariik $#Republic of Estonia $#Ėstonskaja Respublika $#Estnische Republik $#Estonia 1918-1940 ; ab 1991 $#Estonia $#Estonie $74015587-0 $8--Tg1--Estland $x21 $9085035777 247C/01 $82080>Marburg/Lahn, Herder-Institut, Forschungsbibliothek, Bibliographieportal $9336309341
| LEADER | 00000caa a2200000 c 4500 | ||
|---|---|---|---|
| 001 | 433411686 | ||
| 003 | DE-603 | ||
| 005 | 20180709121933.0 | ||
| 007 | tu | ||
| 008 | 180706s2006 xx |||| | u00||u|ger c | ||
| 035 | |a (DE-599)HEB433411686 | ||
| 040 | |a DE-603 |b ger |c DE-603 |d DE-603 |e rda | ||
| 041 | |a ger | ||
| 082 | 0 | 4 | |8 1\u |a 900.9479809034 |q DE-101 |2 23/BSB |
| 084 | |a 8,1 |2 ssgn | ||
| 085 | |8 1\u |b 900 | ||
| 085 | |8 1\u |z 1 |s 09033 | ||
| 085 | |8 1\u |z 1 |s 09034 | ||
| 085 | |8 1\u |z 2 |s 4798 | ||
| 100 | 1 | |a Zeidler, Manfred |d 1952- |e Verfasser |4 aut |0 (DE-603)152080023 |0 (DE-588)120487918 |2 gnd | |
| 245 | 0 | 0 | |a Ewers, Gustav von |c Manfred Zeidler |
| 264 | 0 | |c 2006 | |
| 300 | |b Illustrationen | ||
| 336 | |a Text |b txt |2 rdacontent | ||
| 337 | |a ohne Hilfsmittel zu benutzen |b n |2 rdamedia | ||
| 338 | |a Band |b nc |2 rdacarrier | ||
| 600 | 1 | 7 | |a Ewers, Johann Philipp Gustav |d 1781-1830 |0 (DE-588)11661305X |0 (DE-603)101848900 |2 gnd |
| 648 | 7 | |a Geschichte 1779-1830 |2 gnd | |
| 650 | 7 | |a Historiker |0 (DE-588)4025098-2 |0 (DE-603)085062332 |2 gnd | |
| 651 | 7 | |a Tartu |0 (DE-588)1029285-8 |0 (DE-603)042051304 |2 gnd | |
| 773 | 0 | 8 | |i Enthalten in |t Ostdeutsche Gedenktage |d Bonn : Kulturstiftung der Vertriebenen, 1965-[2018] |g (2005), Seite 221-226 |w (DE-603)047761881 |w (DE-600)521278-9 |
| 924 | 0 | |9 2080 |a (DE-603)1024243265 |b DE-2080 |c HES |d d |g / | |


